000 00388 a2200157 4500
001 62835
020 _a9788526287228
040 _cAnchieta - Pituba
100 _aNicola, José de
240 1 0 _aLíngua, literatura e produção de textos
_lpor
245 1 0 _aLíngua, literatura e produção de textos
300 _a448
362 0 _a2010
650 4 _aLíngua Portuguesa
942 _cBK
999 _c62835
_d62835